| 000 | 00421nam a2200097Ia 4500 | ||
|---|---|---|---|
| 008 | 180130s9999 xx 000 0 und d | ||
| 245 |
_cAlkhateeb, Faisal; Manasrah, Ahmed M.; Doush, Iyad Abu; Maghayreh, Eslam Al _aConnecting mobile users through mobile social networks |
||
| 260 | _c2016 | ||
| 300 | _aBook title: Recent developments in mobile technology--Acession number C20742; pages 216-224 | ||
| 650 | _aMOBILE TECHNOLOGY | ||
| 999 |
_c353786 _d353786 |
||